| 000 | 00926nam a2200241 a 4500 | ||
|---|---|---|---|
| 001 | 000038038 | ||
| 005 | 20240508073817.0 | ||
| 008 | 130312s2012 dr a r 001 0 spa d | ||
| 020 | _a9789945074550 | ||
| 040 |
_aDO-SdBNP _bspa _cBNPHU |
||
| 082 |
_a972.93 _bT337o |
||
| 245 | 0 | 0 |
_aTesoros ocultos del periódico El cable / _ccompilador Edgar Valenzuela. |
| 260 |
_aSanto Domingo : _bArchivo General de la Nación, _c2012. |
||
| 300 |
_a433 p. : _bil., retrs. ; _c23 cm. |
||
| 490 | 1 |
_aArchivo General de la Nación _v159 |
|
| 590 | _aInventariado, 2018/BT | ||
| 650 | 4 |
_aDiarios dominicanos _xSecciones, columnas, etc. _944 |
|
| 651 | 4 |
_aRepública Dominicana _xHistoria _9170 |
|
| 651 | 4 |
_aRepública Dominicana _xVida Social Y Costumbres _xEnsayos, Conferencias, Etc. _938926 |
|
| 700 | 1 |
_aValenzuela, Edgar, _ecomp. _96575 |
|
| 710 | 2 |
_aEl Cable (República Dominicana) _964434 |
|
| 910 | _aValidado. Control de calidad. EMS | ||
| 999 |
_c37528 _d37528 |
||